00496 2200169 4500001002100000005001500021008004100036020002200077035001900099041000700118082000800125090001400133100001700147245009500164260004400259300002300303INLIS00000000000020620241224112132241224||||||||| | ||| |||| || |  a978-602-18973-0-0 0010-1224000206 aen0 a337 a337 HID p0 aHidayat Amir00aPenguatan Hubungan Ekonomi dan Keuangan Internasional Dalam Mendukung Pembangunan Nasional aJakartabNagakusuma Media Kreatifc2012 ax, 151 hlm.; 23 cm